| 000 | 00000nam 2200000zi 4500 |
| 001 | 9.947431 |
| 003 | CaOODSP |
| 005 | 20250128094551 |
| 006 | m o d f |
| 007 | cr mn||||||||| |
| 008 | 250128t19911992onc ob f000 0 eng d |
| 020 | |z0662198816 |
| 040 | |aCaOODSP|beng|erda|cCaOODSP |
| 086 | 1 |aZ1-1989/1-41-8E-PDF|zZ1-1989/1-41-8E |
| 100 | 1 |aOum, Tae Hoon, |eauthor. |
| 245 | 13|aAn international comparison of the economic efficiency of passenger railway systems : |bfinal report submitted to the Royal Commission on National Passenger Transportation / |cby Tan Hoon Oum and Chunyan Yu. |
| 264 | 1|a[Ottawa] : |b[Royal Commission on National Passenger Transportation], |cDecember 1991. |
| 264 | 4|c©1992 |
| 300 | |a1 online resource (v, 89 pages) |
| 336 | |atext|btxt|2rdacontent |
| 337 | |acomputer|bc|2rdamedia |
| 338 | |aonline resource|bcr|2rdacarrier |
| 500 | |aIssued also in French under title: Étude comparative internationale sur l'efficacité économique des réseaux ferroviaires de transport des voyageurs : rapport final. |
| 500 | |a"Report Prepared for the Research Division, Royal Commission on National Passenger Transportation." |
| 500 | |a"RR-08." |
| 500 | |aDigitized edition from print [produced by Government of Canada Publications Directorate]. |
| 504 | |aIncludes bibliographical references. |
| 650 | 0|aTransportation|xPassenger traffic|xEconomic aspects. |
| 650 | 0|aRailroads|xPassenger traffic|xEconomic aspects. |
| 710 | 1 |aCanada. |bRoyal Commission on National Passenger Transportation. |bResearch Division, |eissuing body. |
| 775 | 08|tÉtude comparative internationale sur l'efficacité économique des réseaux ferroviaires de transport des voyageurs : |w(CaOODSP)9.947432 |
| 856 | 40|qPDF|s4.75 MB|uhttps://publications.gc.ca/collections/collection_2025/bcp-pco/Z1-1989-1-41-8-eng.pdf |